The whole truth and nothing but / (Record no. 2386)
[ view plain ]
| 000 -CABECERA | |
|---|---|
| campo de control de longitud fija | 00590cam a2200193 a 4500 |
| 001 - NÚMERO DE CONTROL | |
| campo de control | 000002550 |
| 005 - FECHA Y HORA DE LA ÚLTIMA TRANSACCIÓN | |
| campo de control | 20200929150218.0 |
| 008 - DATOS DE LONGITUD FIJA--INFORMACIÓN GENERAL | |
| campo de control de longitud fija | 720601s1963 nyuac 000 0 eng d |
| 040 ## - FUENTE DE LA CATALOGACIÓN | |
| Centro catalogador/agencia de origen | DO-SdBNP |
| Lengua de catalogación | spa |
| Centro/agencia transcriptor | BNPHu |
| 041 17 - CÓDIGO DE LENGUA | |
| Código de lengua del texto/banda sonora o título independiente | spa |
| Código de lengua del sumario o resumen | eng |
| 082 ## - NÚMERO DE LA CLASIFICACIÓN DECIMAL DEWEY | |
| Número de clasificación | xx |
| Número de documento/Ítem | H798w |
| 100 1# - ENTRADA PRINCIPAL--NOMBRE DE PERSONA | |
| Nombre de persona | Hopper, Hedda, |
| Fechas asociadas al nombre | 1890-1966. |
| 9 (RLIN) | 8019 |
| 245 14 - MENCIÓN DE TÍTULO | |
| Título | The whole truth and nothing but / |
| Mención de responsabilidad, etc. | Hedda Hopper and James Brough. |
| 260 ## - PUBLICACIÓN, DISTRIBUCIÓN, ETC. | |
| Lugar de publicación, distribución, etc. | Garden City, New York : |
| Nombre del editor, distribuidor, etc. | Doubleday, |
| Fecha de publicación, distribución, etc. | 1963. |
| 300 ## - DESCRIPCIÓN FÍSICA | |
| Extensión | 331 p. : |
| Otras características físicas | ilus. ; |
| Dimensiones | 22 cm. |
| 650 #0 - PUNTO DE ACCESO ADICIONAL DE MATERIA--TÉRMINO DE MATERIA | |
| Término de materia o nombre geográfico como elemento de entrada | Motion pictures. |
| 9 (RLIN) | 8020 |
| 650 #0 - PUNTO DE ACCESO ADICIONAL DE MATERIA--TÉRMINO DE MATERIA | |
| Término de materia o nombre geográfico como elemento de entrada | Actors. |
| 9 (RLIN) | 8021 |
| 700 1# - PUNTO DE ACCESO ADICIONAL--NOMBRE DE PERSONA | |
| Nombre de persona | Brough, James, |
| Fechas asociadas al nombre | 1918- |
| 9 (RLIN) | 8022 |
| Estado de retiro | Estado de pérdida | Restricciones de uso | No para préstamo | Código de colección | Localización permanente | Ubicación/localización actual | Ubicación en estantería | Fecha de adquisición | Número de inventario | Total de préstamos | Signatura topográfica completa | Código de barras | Fecha visto por última vez | Precio válido a partir de | Tipo de ítem Koha |
|---|---|---|---|---|---|---|---|---|---|---|---|---|---|---|---|
| Monografías: Libros y Folletos | General | General | En catalogación | 23.03.2010 | LF1 | xx H798w | 2550-10 | 25.06.2020 | 25.06.2020 | Préstamo en sala |
